[Event "XXIV Torneo di Capodanno"]
[Site "Reggio nell'Emilia ITA"]
[Date "1981.12.25"]
[Round "1"]
[White "Bykhovsky, Avigdor"]
[Black "Rigo, Janos"]
[Result "1-0"]
[WhiteElo "2330"]
[BlackElo "2330"]
[PlyCount "77"]
[EventDate "1981.12.25"]

1. e4 c5 2. Nf3 d6 3. d4 cxd4 4. Nxd4 Nf6 5. Nc3 g6 6. Be3 Bg7 7. f3 Nc6 8. Qd2
O-O 9. Bc4 Bd7 10. h4 Rc8 11. Bb3 Na5 12. h5 Nxh5 13. Bh6 e6 14. Bxg7 Kxg7 15.
g4 Nf6 16. Qh6+ Kh8 17. Nf5 Rg8 18. Nxd6 Rg7 19. Nxc8 Bxc8 20. Qg5 Rg8 21. Rd1
Nd7 22. Qxd8 Rxd8 23. Nb5 Rf8 24. Nxa7 Ne5 25. Ke2 Kg7 26. g5 b6 27. Nxc8 Rxc8
28. c3 b5 29. f4 Nec4 30. Bxc4 Nxc4 31. b3 Na5 32. Rh3 Nc6 33. Rd6 b4 34. e5
bxc3 35. Rxc3 Nd4+ 36. Kd3 Rxc3+ 37. Kxc3 Ne2+ 38. Kd2 Nxf4 39. a4 1-0

[Event "XXIV Torneo di Capodanno"]
[Site "Reggio nell'Emilia ITA"]
[Date "1981.12.25"]
[Round "1"]
[White "Formanek, Edward W."]
[Black "Cuartas, Carlos Enrique"]
[Result "1/2-1/2"]
[WhiteElo "2370"]
[BlackElo "2430"]
[PlyCount "45"]
[EventDate "1981.12.25"]

1. e4 c5 2. Nf3 g6 3. d4 Bg7 4. d5 d6 5. c4 Nf6 6. Nc3 O-O 7. Be2 b5 8. e5 dxe5
9. Nxe5 b4 10. Na4 Qa5 11. O-O Bd7 12. Nxd7 Nbxd7 13. Be3 Ne4 14. Bd3 Nd6 15.
Qc2 Rab8 16. Rae1 Rfc8 17. Bg5 Bf6 18. Bxf6 exf6 19. b3 Re8 20. Qd2 Kg7 21. Bc2
Nb6 22. Nxb6 Qxb6 23. g3 1/2-1/2

[Event "XXIV Torneo di Capodanno"]
[Site "Reggio nell'Emilia ITA"]
[Date "1981.12.25"]
[Round "1"]
[White "Messa, Roberto"]
[Black "Sisniega Campbell, Marcel"]
[Result "1/2-1/2"]
[WhiteElo "2290"]
[BlackElo "2440"]
[PlyCount "66"]
[EventDate "1981.12.25"]

1. e4 e6 2. d4 d5 3. exd5 exd5 4. c4 Nf6 5. Nc3 Be7 6. cxd5 O-O 7. Bd3 Nbd7 8.
Nge2 Nb6 9. Nf4 h6 10. Qb3 Bd6 11. O-O Bxf4 12. Bxf4 Nbxd5 13. Be5 Be6 14. Qxb7
Rb8 15. Qxa7 Rxb2 16. Qa3 Rb6 17. Rfb1 Qa8 18. Qxa8 Rxb1+ 19. Rxb1 Rxa8 20.
Nxd5 Nxd5 21. Be4 f5 22. Bxd5 Bxd5 23. Bxc7 Rxa2 24. h3 Ra7 25. Rb5 Be4 26. Be5
Ra1+ 27. Kh2 Ra2 28. Kg3 g5 29. d5 f4+ 30. Kg4 Rxf2 31. Rb8+ Kf7 32. Rb7+ Ke8
33. Rb8+ Kf7 1/2-1/2

[Event "XXIV Torneo di Capodanno"]
[Site "Reggio nell'Emilia ITA"]
[Date "1981.12.25"]
[Round "1"]
[White "Trabattoni, Franco"]
[Black "Passerotti, Pierluigi"]
[Result "1/2-1/2"]
[WhiteElo "2310"]
[BlackElo "2345"]
[PlyCount "28"]
[EventDate "1981.12.25"]

1. e4 e5 2. Nf3 Nc6 3. Bb5 a6 4. Ba4 Nf6 5. O-O Be7 6. Re1 b5 7. Bb3 O-O 8. c3
d6 9. h3 Na5 10. Bc2 c5 11. d4 Qc7 12. Nbd2 Bd7 13. Nf1 Rfe8 14. Ne3 g6 1/2-1/2

[Event "XXIV Torneo di Capodanno"]
[Site "Reggio nell'Emilia ITA"]
[Date "1981.12.26"]
[Round "2"]
[White "Coppini, Giorgio"]
[Black "Formanek, Edward W."]
[Result "1/2-1/2"]
[WhiteElo "2265"]
[BlackElo "2370"]
[PlyCount "55"]
[EventDate "1981.12.25"]

1. c4 e5 2. Nc3 Nc6 3. g3 g6 4. Bg2 Bg7 5. e3 d6 6. Nge2 f5 7. d3 Nf6 8. O-O
O-O 9. Rb1 Qe7 10. b4 a6 11. d4 Bd7 12. Qc2 Nd8 13. c5 Kh8 14. Na4 Rc8 15. Nec3
e4 16. b5 axb5 17. Nxb5 d5 18. c6 Bxc6 19. Ba3 Qe8 20. Bxf8 Bxb5 21. Bxg7+ Kxg7
22. Nb6 Bd3 23. Qc3 Rb8 24. Qxc7+ Nf7 25. Rb3 Bxf1 26. Bxf1 Qd8 27. Qc5 Ng5 28.
Rb5 1/2-1/2

[Event "XXIV Torneo di Capodanno"]
[Site "Reggio nell'Emilia ITA"]
[Date "1981.12.26"]
[Round "2"]
[White "Santolini, Luigi"]
[Black "Passerotti, Pierluigi"]
[Result "1/2-1/2"]
[WhiteElo "2265"]
[BlackElo "2345"]
[PlyCount "90"]
[EventDate "1981.12.25"]

1. d4 d5 2. c4 e6 3. Nc3 Be7 4. Nf3 Nf6 5. Bg5 h6 6. Bh4 O-O 7. e3 Nbd7 8. Rc1
a6 9. cxd5 exd5 10. Bd3 c6 11. O-O Ne4 12. Bxe7 Qxe7 13. Bxe4 dxe4 14. Nd2 Nf6
15. Nb3 Be6 16. Nc5 Bd5 17. Nxd5 Nxd5 18. Qb3 Rab8 19. a3 Rfe8 20. Na4 Rbd8 21.
Nc5 Rb8 22. Na4 Red8 23. Nc3 Rd6 24. Nxd5 Rxd5 25. Rc3 Rbd8 26. Rfc1 Rb5 27.
Qc2 Rdd5 28. h3 Rg5 29. Rc5 Rbxc5 30. dxc5 Rd5 31. b4 Rd3 32. a4 f5 33. Rd1 Qd7
34. Rxd3 exd3 35. Qb3+ Kf8 36. Kf1 f4 37. Ke1 fxe3 38. fxe3 Qf5 39. Kd2 Qf2+
40. Kxd3 Qxg2 41. Qe6 Qf1+ 42. Kd2 Qf2+ 43. Kd3 Qf1+ 44. Kd2 Qf2+ 45. Kd3 Qf1+
1/2-1/2

[Event "XXIV Torneo di Capodanno"]
[Site "Reggio nell'Emilia ITA"]
[Date "1981.12.26"]
[Round "2"]
[White "Sisniega Campbell, Marcel"]
[Black "Trabattoni, Franco"]
[Result "1-0"]
[WhiteElo "2440"]
[BlackElo "2310"]
[PlyCount "73"]
[EventDate "1981.12.25"]

1. c4 Nf6 2. Nc3 e6 3. e4 d5 4. e5 Ne4 5. Nxe4 dxe4 6. Qg4 c5 7. Qxe4 Nc6 8. b3
Qd7 9. Bb2 b6 10. O-O-O Bb7 11. Nf3 Nd4 12. Qf4 Bxf3 13. gxf3 O-O-O 14. Qe4 Qb7
15. Bg2 Qxe4 16. fxe4 g6 17. Bxd4 Rxd4 18. f4 Bh6 19. Rhf1 Rhd8 20. Kc2 Rd3 21.
Rf2 Bg7 22. Bf1 R3d7 23. Rf3 Kb7 24. Bh3 g5 25. f5 Re8 26. f6 Bf8 27. Bg4 Red8
28. d3 Kc6 29. Rh3 h6 30. Be2 b5 31. cxb5+ Kxb5 32. d4+ Kc6 33. d5+ exd5 34.
exd5+ Rxd5 35. Bf3 g4 36. Bxd5+ Rxd5 37. Rhd3 1-0

[Event "XXIV Torneo di Capodanno"]
[Site "Reggio nell'Emilia ITA"]
[Date "1981.12.27"]
[Round "3"]
[White "Bykhovsky, Avigdor"]
[Black "Santolini, Luigi"]
[Result "1-0"]
[WhiteElo "2330"]
[BlackElo "2265"]
[PlyCount "79"]
[EventDate "1981.12.25"]

1. e4 c5 2. Nf3 d6 3. d4 cxd4 4. Qxd4 Nc6 5. Bb5 Bd7 6. Bxc6 Bxc6 7. Nc3 Nf6 8.
Bg5 e6 9. O-O-O Be7 10. Kb1 h6 11. Bh4 O-O 12. Rhe1 Qa5 13. Qd2 Rfd8 14. Nd5
Qxd2 15. Nxe7+ Kf8 16. Rxd2 Kxe7 17. Nd4 g5 18. Nxc6+ bxc6 19. Bg3 d5 20. exd5
cxd5 21. f3 Nh5 22. Bf2 Nf4 23. Bc5+ Kd7 24. c4 Kc6 25. Be7 Rd7 26. cxd5+ Rxd5
27. Rc2+ Kd7 28. Bf6 Rc8 29. Bc3 e5 30. g3 Ng6 31. Rce2 f6 32. Kc2 Nf8 33. Rd2
Rxd2+ 34. Kxd2 Ke6 35. Re4 Nd7 36. Ra4 Rc7 37. Ra6+ Kf7 38. Ke3 h5 39. f4 Nc5
40. Rxf6+ 1-0

[Event "XXIV Torneo di Capodanno"]
[Site "Reggio nell'Emilia ITA"]
[Date "1981.12.27"]
[Round "3"]
[White "Messa, Roberto"]
[Black "Coppini, Giorgio"]
[Result "1-0"]
[WhiteElo "2290"]
[BlackElo "2265"]
[PlyCount "53"]
[EventDate "1981.12.25"]

1. e4 d6 2. d4 Nf6 3. Nc3 g6 4. f4 Bg7 5. Nf3 c5 6. dxc5 Qa5 7. Bd3 Qxc5 8. Qe2
Bg4 9. Be3 Qa5 10. O-O O-O 11. Qe1 Nc6 12. Nd2 Qc7 13. Kh1 Bd7 14. Qh4 a6 15.
Nc4 b5 16. Nb6 Rad8 17. Ncd5 Qb7 18. f5 Rfe8 19. fxg6 hxg6 20. Bh6 Ng4 21. Bxg7
Kxg7 22. Rxf7+ Kxf7 23. Qh7+ Ke6 24. Qxg6+ Ke5 25. Qg5+ Kd4 26. Qd2 Ke5 27.
Qf4+ 1-0

[Event "XXIV Torneo di Capodanno"]
[Site "Reggio nell'Emilia ITA"]
[Date "1981.12.27"]
[Round "3"]
[White "Passerotti, Pierluigi"]
[Black "Sisniega Campbell, Marcel"]
[Result "1/2-1/2"]
[WhiteElo "2345"]
[BlackElo "2440"]
[PlyCount "93"]
[EventDate "1981.12.25"]

1. e4 c5 2. f4 Nc6 3. Nf3 g6 4. d3 Bg7 5. c3 Nf6 6. Be3 d6 7. h3 O-O 8. g4 b5
9. a3 a5 10. Nbd2 Bb7 11. Be2 b4 12. O-O Nd7 13. d4 e6 14. Bf2 Qe7 15. Bd3 cxd4
16. cxd4 e5 17. d5 Nd4 18. Bh4 Qe8 19. Nxd4 exd4 20. Nc4 Ra6 21. axb4 axb4 22.
Rxa6 Bxa6 23. Nxd6 Qa8 24. Be7 Rb8 25. Bxa6 Qxa6 26. e5 d3 27. Ne4 Qc4 28. Qf3
Qxd5 29. Nf6+ Nxf6 30. Bxf6 Qd4+ 31. Qf2 Qd7 32. Bxg7 Kxg7 33. Rd1 Rd8 34. Rd2
Rc8 35. Qe3 Rc1+ 36. Kf2 Rc2 37. Kg3 Rxd2 38. Qxd2 Qd4 39. Kf3 b3 40. Qf2 Qd5+
41. Ke3 Qh1 42. Qh4 Qd5 43. Qf6+ Kg8 44. Qd6 Qg2 45. Qd8+ Kg7 46. Qf6+ Kg8 47.
Qd8+ 1/2-1/2

[Event "XXIV Torneo di Capodanno"]
[Site "Reggio nell'Emilia ITA"]
[Date "1981.12.27"]
[Round "3"]
[White "Trabattoni, Franco"]
[Black "Cuartas, Carlos Enrique"]
[Result "1/2-1/2"]
[WhiteElo "2310"]
[BlackElo "2430"]
[PlyCount "81"]
[EventDate "1981.12.25"]

1. e4 c5 2. Nf3 g6 3. d4 Bg7 4. dxc5 Qa5+ 5. c3 Qxc5 6. Be3 Qc7 7. Bd4 e5 8.
Be3 Nf6 9. Na3 Nxe4 10. Nb5 Qc6 11. Nxa7 Rxa7 12. Bxa7 Na6 13. Be3 Nac5 14. Bc4
d6 15. O-O Be6 16. Bxe6 Nxe6 17. Qb3 N6c5 18. Qc2 d5 19. Bxc5 Nxc5 20. Rae1 e4
21. Nd4 Bxd4 22. cxd4 Ne6 23. Rc1 Qxc2 24. Rxc2 Kd7 25. Rd1 f5 26. Kf1 f4 27.
f3 e3 28. Ke2 Ra8 29. b3 b5 30. Kd3 b4 31. g3 g5 32. gxf4 gxf4 33. Rg1 Re8 34.
Rgg2 Kd6 35. Rg1 Kd7 36. Rgg2 Rb8 37. Rg4 Kd6 38. Rgg2 Re8 39. Rg1 Ra8 40. Rg4
Rh8 41. Rg1 1/2-1/2

[Event "XXIV Torneo di Capodanno"]
[Site "Reggio nell'Emilia ITA"]
[Date "1981.12.27"]
[Round "3"]
[White "Vaganian, Rafael A."]
[Black "Rigo, Janos"]
[Result "1-0"]
[WhiteElo "2565"]
[BlackElo "2330"]
[PlyCount "103"]
[EventDate "1981.12.25"]

1. d4 e6 2. e4 c5 3. c3 b6 4. Nf3 Bb7 5. Bd3 Nf6 6. Nbd2 Nc6 7. a3 d6 8. O-O
Be7 9. Re1 O-O 10. Nf1 cxd4 11. cxd4 d5 12. e5 Ne4 13. b4 f5 14. exf6 Bxf6 15.
Bb2 Qd7 16. Ng3 Nxg3 17. hxg3 g6 18. Re3 Kh8 19. Qe2 Rae8 20. Bb5 Qg7 21. Rd1
Re7 22. Rxe6 Bc8 23. Rxe7 Nxe7 24. Ne5 Nf5 25. Bc6 Ne7 26. Bd7 Nf5 27. Bxc8
Rxc8 28. Qb5 Nxd4 29. Bxd4 Bxe5 30. Qxd5 Bxd4 31. Rxd4 Rc1+ 32. Kh2 Rc8 33. Qd7
Qxd7 34. Rxd7 a5 35. bxa5 bxa5 36. Rd5 Ra8 37. a4 Ra7 38. g4 h6 39. Kg3 Kg7 40.
g5 hxg5 41. Rxg5 Kh6 42. f4 Ra6 43. Kg4 Ra7 44. g3 Ra6 45. Rb5 Ra7 46. Kh4 Ra6
47. g4 Ra7 48. Rb6 Rd7 49. f5 Rd4 50. Rxg6+ Kh7 51. Kh5 Rxa4 52. f6 1-0

[Event "XXIV Torneo di Capodanno"]
[Site "Reggio nell'Emilia ITA"]
[Date "1981.12.28"]
[Round "4"]
[White "Coppini, Giorgio"]
[Black "Trabattoni, Franco"]
[Result "0-1"]
[WhiteElo "2265"]
[BlackElo "2310"]
[PlyCount "74"]
[EventDate "1981.12.25"]

1. c4 Nf6 2. Nf3 e6 3. g3 b6 4. Bg2 Bb7 5. d4 Be7 6. O-O O-O 7. Nc3 Ne4 8. Nxe4
Bxe4 9. Ne1 Bxg2 10. Nxg2 d5 11. cxd5 exd5 12. Bf4 c5 13. Bxb8 Rxb8 14. dxc5
bxc5 15. b3 Qd6 16. Rc1 Rfd8 17. Qd3 Rb7 18. Rfd1 Rbd7 19. h4 Bf8 20. Nf4 Qe5
21. Qc3 Qe8 22. Rc2 Qe4 23. Nd3 d4 24. Qd2 Rd5 25. Rdc1 Qf5 26. Kg2 Bd6 27. Qa5
Re8 28. Qa4 Qe4+ 29. Kg1 h6 30. a3 g5 31. Nxc5 Bxc5 32. Rxc5 Rxc5 33. Rxc5 gxh4
34. Rf5 h3 35. Rf3 Qxe2 36. Qd7 Qxf3 37. Qxe8+ Kh7 0-1

[Event "XXIV Torneo di Capodanno"]
[Site "Reggio nell'Emilia ITA"]
[Date "1981.12.28"]
[Round "4"]
[White "Cuartas, Carlos Enrique"]
[Black "Passerotti, Pierluigi"]
[Result "1-0"]
[WhiteElo "2430"]
[BlackElo "2345"]
[PlyCount "95"]
[EventDate "1981.12.25"]

1. e4 c5 2. Nf3 d6 3. d4 cxd4 4. Qxd4 a6 5. Bg5 Nc6 6. Qd2 h6 7. Bh4 Nf6 8.
Bxf6 gxf6 9. Nc3 e6 10. O-O-O Bd7 11. Nd4 Qa5 12. Nb3 Qc7 13. f4 O-O-O 14. Be2
Kb8 15. Bh5 Be8 16. Kb1 Na5 17. Qd4 Rg8 18. g4 Be7 19. f5 Rc8 20. Nxa5 Qxa5 21.
Qe3 Rh8 22. Rhf1 Qe5 23. Qf4 Qxf4 24. Rxf4 Rh7 25. Re1 Bd7 26. Rf3 Rc5 27. Rfe3
Re5 28. Nd1 Bc6 29. Nf2 d5 30. exd5 Bxd5 31. Rxe5 fxe5 32. fxe6 Bxe6 33. h3 f6
34. Ne4 Rh8 35. Rf1 Kc7 36. b3 b5 37. Nxf6 Rd8 38. Ne8+ Kc6 39. Ng7 Bd5 40. Nf5
Ba3 41. Rd1 Rh8 42. Re1 e4 43. c3 Rh7 44. Bg6 Rd7 45. Be8 Kc7 46. Bxd7 Kxd7 47.
Ng3 Be7 48. Re2 1-0

[Event "XXIV Torneo di Capodanno"]
[Site "Reggio nell'Emilia ITA"]
[Date "1981.12.28"]
[Round "4"]
[White "Rigo, Janos"]
[Black "Formanek, Edward W."]
[Result "1-0"]
[WhiteElo "2330"]
[BlackElo "2370"]
[PlyCount "51"]
[EventDate "1981.12.25"]

1. e4 c5 2. Nf3 d6 3. d4 cxd4 4. Nxd4 Nf6 5. Nc3 e6 6. Be3 Nc6 7. Be2 Be7 8. g4
h6 9. Rg1 a6 10. Qd2 Bd7 11. h4 Nxd4 12. Qxd4 e5 13. Qd3 Bc6 14. g5 hxg5 15.
hxg5 Nd7 16. g6 fxg6 17. O-O-O Nf6 18. Rxg6 Bf8 19. Bg5 Qe7 20. Bg4 Qf7 21. Bf5
Kd8 22. f4 Kc7 23. fxe5 dxe5 24. Nd5+ Bxd5 25. Qc3+ Kd6 26. Rxd5+ 1-0

[Event "XXIV Torneo di Capodanno"]
[Site "Reggio nell'Emilia ITA"]
[Date "1981.12.28"]
[Round "4"]
[White "Santolini, Luigi"]
[Black "Sisniega Campbell, Marcel"]
[Result "0-1"]
[WhiteElo "2265"]
[BlackElo "2440"]
[PlyCount "50"]
[EventDate "1981.12.25"]

1. d4 Nf6 2. c4 e6 3. Nc3 Bb4 4. e3 b6 5. Nge2 Ba6 6. a3 Be7 7. Ng3 d5 8. cxd5
Bxf1 9. Nxf1 exd5 10. Ng3 Qd7 11. O-O Nc6 12. Qc2 g6 13. Rd1 h5 14. e4 h4 15.
Nge2 dxe4 16. Nxe4 O-O-O 17. Ng5 h3 18. Nxf7 Qd5 19. Nf4 Qxf7 20. Qxc6 Kb8 21.
Ne6 Nd5 22. Bf4 Bh4 23. Rac1 Nxf4 24. Nxc7 Bxf2+ 25. Kxf2 Nd5+ 0-1

[Event "XXIV Torneo di Capodanno"]
[Site "Reggio nell'Emilia ITA"]
[Date "1981.12.29"]
[Round "5"]
[White "Duer, Arne"]
[Black "Santolini, Luigi"]
[Result "1-0"]
[WhiteElo "2395"]
[BlackElo "2265"]
[PlyCount "75"]
[EventDate "1981.12.25"]

1. c4 Nf6 2. Nf3 g6 3. Nc3 Bg7 4. e4 d6 5. d4 O-O 6. Be2 e5 7. Be3 Qe7 8. dxe5
dxe5 9. Nd5 Nxd5 10. cxd5 Qb4+ 11. Nd2 c6 12. Qc2 Re8 13. Bc4 b5 14. Bb3 Bb7
15. O-O cxd5 16. exd5 Rc8 17. Qd3 Nd7 18. Rac1 a6 19. a3 Qd6 20. Ne4 Qf8 21.
Bd2 Qd8 22. Qf3 Bf8 23. Ng5 Qe8 24. Qh3 h6 25. Ne4 Be7 26. Qxh6 Qf8 27. Qh3 Nc5
28. Rxc5 Rxc5 29. Nxc5 Bxc5 30. Bg5 Qd6 31. Qh4 Kg7 32. Qh6+ Kg8 33. Kh1 Bd4
34. Qh4 e4 35. Be7 Qe5 36. d6 Bc6 37. Rd1 Kg7 38. f4 1-0

[Event "XXIV Torneo di Capodanno"]
[Site "Reggio nell'Emilia ITA"]
[Date "1981.12.29"]
[Round "5"]
[White "Messa, Roberto"]
[Black "Rigo, Janos"]
[Result "0-1"]
[WhiteElo "2290"]
[BlackElo "2330"]
[PlyCount "70"]
[EventDate "1981.12.25"]

1. e4 c5 2. Nf3 d6 3. d4 cxd4 4. Qxd4 a6 5. c4 Nc6 6. Qd1 g6 7. Be2 Bg7 8. O-O
Bg4 9. Nc3 Nf6 10. Be3 O-O 11. Nd2 Bxe2 12. Qxe2 Nd7 13. Nb3 Rc8 14. Rac1 b6
15. Rfd1 Nce5 16. Na4 Qc7 17. Nd4 Nxc4 18. b3 Nxe3 19. Rxc7 Nxd1 20. Rxc8 Rxc8
21. Qxa6 Rc1 22. Ne2 Ra1 23. h4 b5 24. Qc8+ Nf8 25. Nb6 Nc3+ 26. Kh2 Nxe2 27.
Nd5 Be5+ 28. g3 e6 29. Ne7+ Kg7 30. Nc6 Rxa2 31. Nxe5 dxe5 32. Qc7 Kg8 33. Qxe5
Nc1 34. Qc3 Rxf2+ 35. Kg1 Ne2+ 0-1

[Event "XXIV Torneo di Capodanno"]
[Site "Reggio nell'Emilia ITA"]
[Date "1981.12.29"]
[Round "5"]
[White "Passerotti, Pierluigi"]
[Black "Coppini, Giorgio"]
[Result "1-0"]
[WhiteElo "2345"]
[BlackElo "2265"]
[PlyCount "51"]
[EventDate "1981.12.25"]

1. e4 c6 2. c4 d5 3. cxd5 cxd5 4. exd5 Nf6 5. Nc3 Nxd5 6. d4 e6 7. Nf3 Be7 8.
Bd3 O-O 9. O-O Nc6 10. Re1 b6 11. Nxd5 Qxd5 12. Be4 Qd6 13. Qc2 Bb7 14. Bxh7+
Kh8 15. Be4 Rac8 16. Qe2 f5 17. Bxc6 Bxc6 18. Qxe6 Bxf3 19. Qxe7 Qxe7 20. Rxe7
Bc6 21. Bf4 Rf6 22. Rc1 Rd8 23. Be5 Rg6 24. Rxg7 Rxg7 25. Rxc6 Rdd7 26. Rg6 1-0

[Event "XXIV Torneo di Capodanno"]
[Site "Reggio nell'Emilia ITA"]
[Date "1981.12.29"]
[Round "5"]
[White "Sisniega Campbell, Marcel"]
[Black "Cuartas, Carlos Enrique"]
[Result "0-1"]
[WhiteElo "2440"]
[BlackElo "2430"]
[PlyCount "50"]
[EventDate "1981.12.25"]

1. c4 g6 2. g3 Bg7 3. Bg2 d6 4. Nc3 Nc6 5. Rb1 f5 6. b4 Bxc3 7. dxc3 Nf6 8. Nf3
e5 9. b5 Nb8 10. c5 e4 11. Ng5 h6 12. Nh3 dxc5 13. Qb3 g5 14. O-O Qe7 15. f3
Be6 16. c4 Nbd7 17. Nf2 O-O-O 18. fxe4 fxe4 19. Bb2 Rhe8 20. Qc3 Rf8 21. Nxe4
Nxe4 22. Bxe4 Rxf1+ 23. Rxf1 Bh3 24. Bh1 Qxe2 25. Re1 Rf8 0-1

[Event "XXIV Torneo di Capodanno"]
[Site "Reggio nell'Emilia ITA"]
[Date "1981.12.30"]
[Round "6"]
[White "Bykhovsky, Avigdor"]
[Black "Formanek, Edward W."]
[Result "1/2-1/2"]
[WhiteElo "2330"]
[BlackElo "2370"]
[PlyCount "31"]
[EventDate "1981.12.25"]

1. e4 e5 2. Nf3 Nc6 3. Nc3 Nf6 4. d4 exd4 5. Nxd4 Bb4 6. Nxc6 bxc6 7. Bd3 d5 8.
exd5 cxd5 9. O-O O-O 10. Bg5 c6 11. Ne2 h6 12. Bh4 Be7 13. Nd4 Qb6 14. Re1 Bd8
15. b3 Bg4 16. Be2 1/2-1/2

[Event "XXIV Torneo di Capodanno"]
[Site "Reggio nell'Emilia ITA"]
[Date "1981.12.30"]
[Round "6"]
[White "Coppini, Giorgio"]
[Black "Sisniega Campbell, Marcel"]
[Result "0-1"]
[WhiteElo "2265"]
[BlackElo "2440"]
[PlyCount "110"]
[EventDate "1981.12.25"]

1. c4 Nf6 2. Nf3 e6 3. g3 d5 4. d4 dxc4 5. Qa4+ Nbd7 6. Bg2 a6 7. Qxc4 c5 8.
O-O b5 9. Qd3 Bb7 10. Bg5 h6 11. Bxf6 Nxf6 12. Rd1 c4 13. Qc2 Rc8 14. Ne5 Bxg2
15. Kxg2 Be7 16. a4 O-O 17. axb5 axb5 18. Kg1 Qb6 19. b3 Rfd8 20. e3 cxb3 21.
Qxb3 Nd5 22. Qb2 Rc7 23. Nd2 Rdc8 24. Rdc1 Qb7 25. Rxc7 Rxc7 26. e4 Nc3 27. Nd3
b4 28. e5 Ne2+ 29. Kf1 Nxd4 30. Qxd4 Rd7 31. Ra8+ Kh7 32. Qe4+ Qxe4 33. Nxe4
Rxd3 34. Ra7 b3 35. Rb7 Ba3 36. Ke2 Rd4 37. Nd2 b2 38. Rb3 Kg6 39. f4 Kf5 40.
Nb1 Bb4 41. Rxb2 g5 42. fxg5 hxg5 43. Rc2 Kxe5 44. h3 f5 45. Kf2 Rd3 46. Rb2
Rd4 47. Rc2 f4 48. gxf4+ gxf4 49. Nc3 Rd3 50. Ne2 Bd6 51. Rc3 Rd1 52. Rc6 Kf5
53. Rc8 e5 54. Ra8 Bc5+ 55. Kg2 Rd2 0-1

[Event "XXIV Torneo di Capodanno"]
[Site "Reggio nell'Emilia ITA"]
[Date "1981.12.30"]
[Round "6"]
[White "Rigo, Janos"]
[Black "Trabattoni, Franco"]
[Result "1-0"]
[WhiteElo "2330"]
[BlackElo "2310"]
[PlyCount "79"]
[EventDate "1981.12.25"]

1. e4 c5 2. Nf3 d6 3. d4 cxd4 4. Nxd4 Nf6 5. Nc3 g6 6. Be3 Bg7 7. f3 Nc6 8. Qd2
O-O 9. Bc4 Bd7 10. h4 h5 11. O-O-O Rc8 12. Bb3 Ne5 13. g4 hxg4 14. h5 Nxh5 15.
Bh6 e6 16. Bxg7 Kxg7 17. fxg4 Nxg4 18. Rdg1 Ngf6 19. Nde2 Qe7 20. Nd1 Rh8 21.
Nf2 Bb5 22. Nd4 Bc4 23. Bxc4 Rxc4 24. Qd3 Rhc8 25. c3 a6 26. Kb1 Kf8 27. Qf3
Ke8 28. Re1 e5 29. Nc2 b5 30. Ne3 R4c6 31. Nd5 Nxd5 32. exd5 Rc4 33. Ne4 Rb8
34. b3 Rcc8 35. Ref1 Nf4 36. Qe3 Kf8 37. Rh7 Rd8 38. Kb2 Ke8 39. Rxf4 exf4 40.
Nf6+ 1-0

[Event "XXIV Torneo di Capodanno"]
[Site "Reggio nell'Emilia ITA"]
[Date "1981.12.30"]
[Round "6"]
[White "Santolini, Luigi"]
[Black "Cuartas, Carlos Enrique"]
[Result "0-1"]
[WhiteElo "2265"]
[BlackElo "2430"]
[PlyCount "48"]
[EventDate "1981.12.25"]

1. d4 d5 2. c4 Nc6 3. Nf3 Bg4 4. cxd5 Bxf3 5. dxc6 Bxc6 6. Nc3 Nf6 7. f3 e5 8.
dxe5 Nd7 9. Bf4 Qh4+ 10. Bg3 Qh5 11. Qd2 O-O-O 12. Qf4 Nc5 13. Qh4 Qg6 14. e4
Na4 15. Be2 Bc5 16. Qf4 Nxb2 17. e6 Bd6 18. Qxf7 Bxg3+ 19. hxg3 Qxg3+ 20. Kf1
Nd3 21. Bxd3 Rxd3 22. e7 Re8 23. Rxh7 Rxc3 24. Rxg7 Rxf3+ 0-1

[Event "XXIV Torneo di Capodanno"]
[Site "Reggio nell'Emilia ITA"]
[Date "1981.12.31"]
[Round "7"]
[White "Cuartas, Carlos Enrique"]
[Black "Coppini, Giorgio"]
[Result "1-0"]
[WhiteElo "2430"]
[BlackElo "2265"]
[PlyCount "51"]
[EventDate "1981.12.25"]

1. e4 b6 2. d4 e6 3. Nf3 Ba6 4. Bxa6 Nxa6 5. O-O h6 6. c4 Ne7 7. Ne5 Nc6 8. Bf4
Nab8 9. Nc3 Nxe5 10. Bxe5 Nc6 11. Bg3 Be7 12. d5 Na5 13. Nb5 d6 14. dxe6 fxe6
15. Qh5+ Kd7 16. Rac1 a6 17. Nd4 Qe8 18. Qd1 h5 19. b4 Nb7 20. h3 e5 21. Nc6
Kc8 22. Qd5 Bf6 23. c5 bxc5 24. bxc5 Nxc5 25. Rxc5 dxc5 26. Rd1 1-0

[Event "XXIV Torneo di Capodanno"]
[Site "Reggio nell'Emilia ITA"]
[Date "1981.12.31"]
[Round "7"]
[White "Messa, Roberto"]
[Black "Bykhovsky, Avigdor"]
[Result "0-1"]
[WhiteElo "2290"]
[BlackElo "2330"]
[PlyCount "104"]
[EventDate "1981.12.25"]

1. e4 e5 2. Nf3 Nc6 3. d4 exd4 4. Nxd4 Bc5 5. Nb3 Bb6 6. a4 a6 7. Nc3 Nf6 8.
Bg5 d6 9. Qd2 h6 10. Be3 Bxe3 11. Qxe3 O-O 12. O-O-O Be6 13. Nc5 Qc8 14. Nxe6
Qxe6 15. f3 Rfe8 16. Qf4 Ne5 17. h4 Rad8 18. Nd5 Nxd5 19. exd5 Qe7 20. Bd3 b5
21. Be4 Nd7 22. Rhe1 Qf6 23. Qxf6 Nxf6 24. Rd4 Nd7 25. Kd2 bxa4 26. Rxa4 Nc5
27. Ra5 Rb8 28. b3 Re7 29. Bh7+ Kf8 30. Rxe7 Kxe7 31. Bd3 Rxb3 32. cxb3 Nxb3+
33. Kc3 Nxa5 34. Bxa6 c5 35. Kb2 Kd8 36. Ka3 Kc7 37. Ka4 Kb6 38. Be2 Nb7 39.
Bb5 Nd8 40. Be8 g5 41. hxg5 hxg5 42. g3 f6 43. f4 Nb7 44. Bc6 Na5 45. Bb5 Nb3
46. fxg5 fxg5 47. Be2 Nd2 48. Ka3 Ne4 49. g4 Nf6 50. Bf3 Kb5 51. Kb3 c4+ 52.
Kc3 Kc5 0-1

[Event "XXIV Torneo di Capodanno"]
[Site "Reggio nell'Emilia ITA"]
[Date "1981.12.31"]
[Round "7"]
[White "Vaganian, Rafael A."]
[Black "Santolini, Luigi"]
[Result "1/2-1/2"]
[WhiteElo "2565"]
[BlackElo "2265"]
[PlyCount "92"]
[EventDate "1981.12.25"]

1. d4 Nf6 2. c4 g6 3. g3 Bg7 4. Bg2 O-O 5. Nc3 d6 6. Nf3 Nbd7 7. O-O e5 8. e4
exd4 9. Nxd4 Re8 10. h3 Nc5 11. Re1 a5 12. Ndb5 Nfd7 13. Be3 Ne5 14. Bxc5 dxc5
15. Qxd8 Rxd8 16. Nxc7 Rb8 17. Red1 Be6 18. Nxe6 fxe6 19. Na4 Nxc4 20. Nxc5 Kf7
21. Rxd8 Rxd8 22. Nxb7 Rd2 23. Rc1 Nxb2 24. Rc7+ Kg8 25. Nc5 Bd4 26. Nb3 Bxf2+
27. Kf1 Bb6 28. Rc8+ Rd8 29. Rxd8+ Bxd8 30. Ke2 Bb6 31. Bf1 Na4 32. Kf3 Kf7 33.
Nd2 Kf6 34. Nc4 Bc7 35. e5+ Bxe5 36. Nxa5 Bc7 37. Nc6 Bb6 38. Bc4 Nc3 39. Nb4
e5 40. Nd5+ Nxd5 41. Bxd5 h5 42. Bc6 g5 43. a4 h4 44. g4 Ke7 45. Ke4 Kd6 46.
Bd5 Ba5 1/2-1/2

[Event "XXIV Torneo di Capodanno"]
[Site "Reggio nell'Emilia ITA"]
[Date "1982.01.01"]
[Round "8"]
[White "Bykhovsky, Avigdor"]
[Black "Trabattoni, Franco"]
[Result "1/2-1/2"]
[WhiteElo "2330"]
[BlackElo "2310"]
[PlyCount "38"]
[EventDate "1981.12.25"]

1. d4 Nf6 2. Nf3 e6 3. Nc3 d5 4. Bg5 Be7 5. e3 b6 6. Bb5+ Bd7 7. Bd3 c5 8. O-O
O-O 9. Re1 Nc6 10. dxc5 bxc5 11. e4 d4 12. Nb1 e5 13. Na3 Ne8 14. Bd2 Nd6 15.
Nc4 Nxc4 16. Bxc4 Qc7 17. h3 Kh8 18. Qe2 Qd6 19. b3 Rad8 1/2-1/2

[Event "XXIV Torneo di Capodanno"]
[Site "Reggio nell'Emilia ITA"]
[Date "1982.01.01"]
[Round "8"]
[White "Rigo, Janos"]
[Black "Sisniega Campbell, Marcel"]
[Result "1-0"]
[WhiteElo "2330"]
[BlackElo "2440"]
[PlyCount "71"]
[EventDate "1981.12.25"]

1. e4 e6 2. Nf3 d5 3. Nc3 Bb4 4. a3 Bxc3 5. dxc3 dxe4 6. Qxd8+ Kxd8 7. Ng5 Ke7
8. Nxe4 Nd7 9. c4 b6 10. Be3 Bb7 11. Nc3 Ngf6 12. f3 Rhd8 13. O-O-O c5 14. Bf4
e5 15. Re1 Ke6 16. Bd3 Nh5 17. Bd2 f5 18. Rhf1 Nhf6 19. g4 g6 20. gxf5+ gxf5
21. Ne2 Ne8 22. Bg5 Ndf6 23. Nf4+ Kd6 24. Bxf5 Rd7 25. Rd1+ Kc7 26. Bxd7 Nxd7
27. Ne6+ Kc8 28. f4 Bg2 29. Rf2 Bh3 30. f5 Ndf6 31. Bxf6 Nxf6 32. Rd8+ Kb7 33.
Rxa8 Kxa8 34. Nc7+ Kb7 35. Nd5 Nd7 36. Ne3 1-0